Ekonomický charakter dane z príjmov právnických osôb diplomová práca

Guardado en:
Detalles Bibliográficos
Autor principal: Bokor, Martin
Autor Corporativo: Národohospodárska fakulta EU. Katedra financií
Otros Autores: Geško, Martin
Formato: Libro
Lenguaje:eslovaco
Publicado: Bratislava 2014
Etiquetas: Agregar Etiqueta
Sin Etiquetas, Sea el primero en etiquetar este registro!

MARC

LEADER 00000nbm a2200000 4500
001 0187613
005 20170201090345.3
041 0 |a slo 
044 |a SK 
245 1 0 |a Ekonomický charakter dane z príjmov právnických osôb  |b diplomová práca  |c Martin Bokor ; školiteľ: Martin Geško 
264 1 |a Bratislava  |c 2014 
300 |a 51 s. 
100 1 |a Bokor, Martin 
700 1 |a Geško, Martin 
710 2 |a Národohospodárska fakulta EU. Katedra financií